Ricostruisci la Carriera del Calciatore - Gonzalo Higuaín - Statistics

Statistiche generali
  • Questo quiz è stato fatto 18 volte
  • Il punteggio medio è 7 su 8
Statistiche sulle risposte
Hint Risposta % Corretto
2016-2018 Juventus
100%
2007-2013 Real Madrid
100%
2005-2007 River Plate
100%
2020-2022 Inter Miami
93%
2013-2016 Napoli
93%
2018-2019 Milan
87%
2019-2020 Juventus
80%
2019 Chelsea
73%
Nessun quiz corrispondente trovato
Distribuzione punteggi
Percentuale di utenti per punteggio
Percentile per numero di risposta
I tuoi punteggi nel tempo
Non hai fatto questo quiz